Úloha PZI pri podpore rozvoja inovácií v regióne diplomová práca

Guardado en:
Detalles Bibliográficos
Autor principal: Hadvigová, Lucia
Autor Corporativo: Národohospodárska fakulta EU. Katedra verejnej správy a regionálneho rozvoja
Otros Autores: Šipikal, Miroslav, 1976-
Formato: Libro
Lenguaje:eslovaco
Publicado: Bratislava 2013
Etiquetas: Agregar Etiqueta
Sin Etiquetas, Sea el primero en etiquetar este registro!

MARC

LEADER 00000nbm a2200000 4500
001 0169239
005 20161109102250.0
041 0 |a slo 
044 |a SK 
245 1 0 |a Úloha PZI pri podpore rozvoja inovácií v regióne  |b diplomová práca  |c Lucia Hadvigová ; školiteľ: Miroslav Šipikal 
264 1 |a Bratislava  |c 2013 
300 |a 59 s. 
100 1 |a Hadvigová, Lucia 
700 1 |a Šipikal, Miroslav, 1976- 
710 2 |a Národohospodárska fakulta EU. Katedra verejnej správy a regionálneho rozvoja